00745nam a22002537a 450000500170000000800410001701000150005802000270007303500130010003700150011304000180012808200120014610000030015811000030016124500990016426000470026327000650031030000360037550000510041165000030046265000030046565000030046870000200047120110524145212.0110524t xxu||||| |||| 00| 0 eng d aENG-102512 a9788184503319c3150.00 aEN-86045 bDBAD / PUB adplbEnglish  a330.954   aModern indian economy :cedited by Raj Kumar Sen bessays in memory of professor Alak Ghosh / aNew Delhi bDeep & Deep Publicationsc2011 aF-159, Rajouri GardenbNew Delhi e110027k25435369,25440916 axxix, 690 p. :c25cm (Hb)bmaps aIncludes bibliographical references and index    aSen , Raj Kumar